01724 2200289 4500001002100000005001500021035002000036007000300056008004100059020002200100082001100122084002000133100002600153245016700179250002800346300002500374650002500399700003100424700002600455520081000481740002201291264003101313336002101344337003001365338002301395990001601418INLIS00000000116309220230208110020 a0010-0223000008ta230208 g 0 ind  a978-623-7162-56-8 a155.25 aSR 155.25 ROB f0 aRobbins, Melepenulis1 aThe 5 second rule :bmengubah hidup, pekerjaan, dan keyakinan anda dengan keberanian sehari-hari /cMel Robbins; penerjemah, Dewi Wulansari; editor, Nunung Wiyati aCetakan 4, Agustus 2022 a336 halaman ;c20 cm 4aPsikologi (Motivasi)0 aDewi Wulansariepenerjemah0 aNunung Wiyatieeditor aSepanjang hidup, Anda selalu mencari motivator, guru, dan mentor untuk mendorong diri Anda menjadi lebih baik dan mengalahkan ketakutan Anda. Padahal sebenarnya, rahasia untuk memiliki kepercayaan diri serta keberanian sudah tertanam dalam diri Anda. Rahasia itu hanyalah bagaimana mendorong diri Anda sendiri. Dan ternyata hanya butuh 5 detik untuk melakukannya. Dengan menggunakan ilmu kebiasaan, kisah-kisah memukau dari orang-orang sukses, dan fakta mengejutkan dari beberapa momen paling terkenal dalam sejarah, seni, dan bisnis, Mel Robbins menjelaskan perihal kekuatan “momen dorong (push moment)”. Lalu, dia memberi Anda satu alat sederhana yang dapat digunakan untuk menjadi diri Anda yang terhebat. Buku ini adalah solusi sederhana, satu kunci untuk mengatasi masalah yang kita semua hadapi. aThe 5 second rule aJakarta :bGemilang,c2022 2rdacontentaTeks 2rdamediaaTanpa perantara 2rdacarrieraVolume a51797.64617